000 01162nam a2200325 a 4500
001 000112367
003 CHAP
005 20220329144300.0
008 160307s2016 mx sm |||||||spa d
010 _a108828
011 _a109800
040 _cCHAP
090 _aTesis
100 1 _aCruz Espíndola, Miguel Ángel
_9130621
245 1 0 _aFactores asociados a la ocurrencia de incendios forestales en el Estado de Hidalgo
_h[En línea]
_cpor Miguel Ángel Cruz Espíndola.
260 _aChapingo, Méx. :
_bEl autor,
_c2016.
500 _aPara ver el contenido del material haga clic en la liga
502 _aTesis (M. C. en Ciencias Forestales) -- UACH. División de Ciencias Forestales
590 _aE5765TAJ
_b05
_c20160307
_lUCH01
_h0911
590 _aE5765TAJ
_b05
_c20160307
_lUCH01
_h0912
650 1 4 _aBosques
_xIncendios.
_914211
650 1 4 _aBosques
_xIncendios
_zHidalgo.
_9130622
650 1 4 _aBosques
_xProtección.
_914369
650 1 4 _aIncendios
_xPrevención.
_957524
650 1 4 _aQuema controlada.
_993164
856 _aFinding aid
_uhttp://10.13.5.2/tesis/sist112367.pdf
_zTeclea aquí
901 _aBK
942 _cTESIS
942 _n0
999 _c108828
_d108828